000 00628nam a2200253Ia 4500
003 OSt
005 20221005133234.0
006 a|||||r|||| 00| 0
007 ta
008 221004b |||||||| |||| 00| 0 eng d
024 _a46418
037 _cTextual
040 _aCRL
_cCRL
_beng
041 _2eng
_aeng
082 _aO111,3M17,11, 32J5
100 _aThoreau Au.
_9642294
245 0 _aWalden
260 _c1955
300 _a280p.
_ccm.
650 _a ENGLISH LITERATURE
650 _aENGLISH FICTION
942 _hO111,3M17,11, 32J5
_cTEXL
_2cc
999 _c1066217
_d1066217